书目信息 |
| 题名: |
中国年鉴
|
|
| 作者: | 北京中国年鉴编辑部 编 | |
| 分册: | 1993(总第13期) | |
| 出版信息: | 北京 中国年鉴社 |
|
| 页数: | 680页 | |
| 开本: | 26cm | |
| 丛书名: | ||
| 单 册: | ||
| 中图分类: | Z5 | |
| 科图分类: | ||
| 主题词: | ||
| 电子资源: | ||
| ISBN: | ||
| 000 | 00483nam0 2200169 45 | |
| 001 | 0181022814 | |
| 005 | 20061125141459.84 | |
| 010 | @b精装@dCNY98.00 | |
| 100 | @a20810111d km y0chiy0120 ea | |
| 101 | 0 | @achi |
| 200 | 1 | @Azhong guo nian jian@Fbei jing zhong guo nian jian b@a中国年鉴@h1993(总第13期)@f北京中国年鉴编辑部编 |
| 210 | @a北京@c中国年鉴社 | |
| 215 | @a680页@d26cm | |
| 690 | @aZ5 | |
| 701 | 0 | @a北京中国年鉴编辑部@4编 |
| 801 | @aCN@bTSTC@c20061125 | |
| 905 | @dZ5@e10:(1993) | |
| 中国年鉴.1993(总第13期)/北京中国年鉴编辑部编.-北京:中国年鉴社 |
| 680页;26cm |
| ISBN (精装):CNY98.00 |
| ● |
| 相关链接 |
|
|
|
|
正题名:中国年鉴
索取号:Z5/10:(1993)
 
预约/预借
| 序号 | 登录号 | 条形码 | 馆藏地/架位号 | 状态 | 备注 |
| 1 | 0273423 | 202130648 | 第二样本阅览室/ [索取号:Z5/10:(1993)] | 在馆 |